banner-ar

GEWITTER NACHT / (Record no. 25393)

MARC details
000 -الفاتح
حقل البيانات ثابتة الطول 00368nam a2200157Ia 4500
040 ## - مصدر الفهرسة
وكالة الفهرسة الأصلية GCL /
وكالة النسخ GCL
082 04 - رقم تصنيف ديوى العشرى
رقم التصنيف 833
رقم المادة L G
100 1# - المدخل الرئيسى - إسم شخصى
الإسم الشخصى LEMIEUZ, MICHELE
245 10 - بيان العنوان
العنوان GEWITTER NACHT /
بيان المسئوليه,etc LEMIEUZ, MICHELE
260 ## - PUBLICATION, DISTRIBUTION, ETC. (IMPRINT)
تاريخ النشر أو التوزيع 1983
650 04 - المدخل الاضافى بالموضوع-مصطلح موضوعى
مصطلح موضوعي DAYDREAMS
650 04 - المدخل الاضافى بالموضوع-مصطلح موضوعى
مصطلح موضوعي FICTION
650 04 - المدخل الاضافى بالموضوع-مصطلح موضوعى
مصطلح موضوعي GERMAN FICTION
942 ## - عناصر المدخل الإضافي( كوها)
مصدر التصنيف او مخطط الترفيف Dewey Decimal Classification
Koha [default] item type كتاب
260 ## - PUBLICATION, DISTRIBUTION, ETC. (IMPRINT)
-- [S.N] :
-- BELTZ UND GELBERG ،
Holdings
حالة التراجع حالة الفقد حالة تلف ليس للاعارة المكان المؤقت الموقع الحالى تاريخ الاكتساب اجمالي اﻻعارات رقم الطلب الباركود تاريخ اخر مشاهدة تاريخ تفعيل السعر نوع وعاء كوها
        مكتبة القاهرة الكبرى مكتبة القاهرة الكبرى 03/26/2014   833\L G 44734 03/26/2014 03/26/2014 كتاب

Powered By

EGPV